Sports Quiz

Random Sports or College Quiz

Can you name the big 10 college mascots? Quiz Stats

Quiz not verified by Sporcle

Challenge
Share
Tweet
Embed
Score 0/11 Timer 02:00
0 Plays Today
college mascot % Correct
Ohio StateBuckeyes
94.8%
Wisconsin Badgers
92.8%
Michigan Wolverines
90.2%
Purdue Boiler Makers
88.9%
Indiana Hoosiers
87.6%
Michigan State Spartans
87.6%
IowaHawkeyes
86.9%
Minnesota Golden Gophers
79.7%
Penn StateNittany Lions
79.7%
Northwestern Wildcats
77.8%
Illinois Chief Illiniwek
3.9%

You're not logged in!

Compare scores with friends on all Sporcle quizzes.
Sign Up with Email
OR
Log In

You Might Also Like...

Show Comments

Extras

Top Quizzes Today


Score Distribution

Your Account Isn't Verified!

In order to create a playlist on Sporcle, you need to verify the email address you used during registration. Go to your Sporcle Settings to finish the process.

Report this User

Report this user for behavior that violates our Community Guidelines.

Details: